大宮駅から出ている最も多い行き先 - Statistics

General Stats
  • This quiz has been taken 67 times
  • The average score is 8 of 12
Answer Stats
Question Answer % Correct
上越新幹線(下り) 新潟
95%
JR埼京線・川越線(下り) 川越
90%
JR京浜東北線・根岸線 大船
89%
埼玉新都市交通ニューシャトル 内宿
85%
JR宇都宮線(東北本線)(下り) 宇都宮
70%
東武アーバンパークライン
70%
JR高崎線 高崎
69%
東北新幹線(下り) 仙台
67%
JR湘南新宿ライン 逗子
52%
JR上野東京ライン 熱海
46%
JR埼京線・川越線(上り) 新木場
46%
北陸新幹線(下り) 長野
36%
No matching quizzes found
Score Distribution
Percent of People with Each Score
Percentile by Number Answered
Your Score History
You have not taken this quiz